| 000 | 00902nam a2200241 c 4500 | ||
|---|---|---|---|
| 003 | BLK | ||
| 005 | 20250605100320.0 | ||
| 008 | 180409b bul|||||r ||||||| ||bul|| | ||
| 040 | _aBLK | ||
| 041 |
_aBUL _cBUL |
||
| 080 |
_aБългарска литература _b821.163.2 _x-94 _z821.163.2-94 |
||
| 100 | 1 |
_aФилипов, Тони _eпърви автор _gТонев, Стойко Филипов _9308951 |
|
| 139 |
_aФилипов, Тони _bФ 50 |
||
| 245 | 1 | 0 |
_aИз делниците на един луд _cТони Филипов; ил. Христо Комарницки _nКн. 4 _p4-ти километър |
| 257 | _aBGR | ||
| 260 |
_bб. и. _c2013 _9441842 _aСофия |
||
| 300 |
_a336 с. _c20 см |
||
| 380 | _aX | ||
| 700 | 1 |
_981693 _aКомарницки, Христо Иванов |
|
| 856 | 4 |
_qpdf _i0.00 _ldisable |
|
| 856 | 4 |
_qpdf _i0.00 _ldisable |
|
| 942 |
_cKNG _n0 _03 _s1 |
||
| 999 |
_c539407 _d539407 |
||
| 944 |
_a30545 _cНора Радева _k30545 _lНора Радева |
||